[Event "32nd ECC Open 2016"]
[Site "Novi Sad SRB"]
[Date "2016.11.11"]
[Round "6.31"]
[Board "3"]
[White "Mejdini, Murat"]
[Black "Heap, Gerry"]
[Result "0-1"]
[WhiteElo "1989"]
[BlackElo "2060"]
[WhiteTeam "Butrinti"]
[BlackTeam "Cardigan"]
[WhiteFideId "4700244"]
[BlackFideId "415650"]
[EventDate "2016.11.06"]

1. d4 Nf6 2. Bf4 c5 3. c3 g6 4. e3 Bg7 5. Nf3 Qb6 6. Qb3 Qxb3 7. axb3 cxd4 8.
exd4 d6 9. Bc4 O-O 10. Nbd2 Nc6 11. O-O Nh5 12. Bg5 h6 13. Be3 Kh7 14. d5 Ne5
15. Nxe5 Bxe5 16. Bxa7 Bf5 17. Nf3 Bg7 18. Rfe1 e5 19. dxe6 fxe6 20. Bxe6 Bxe6
21. Rxe6 Nf4 22. Ree1 Nd3 23. Reb1 Nxb2 24. Rxb2 Bxc3 25. Rbb1 Bxa1 26. Rxa1 Rf4
27. Kf1 b6 28. Ra6 Rf7 29. Rxb6 Raxa7 30. Rxd6 Ra1+ 31. Ke2 Re7+ 32. Kd3 Rf1 33.
b4 Rxf2 34. b5 Rxg2 35. Nd2 Rf2 36. b6 Rf5 37. Kc4 Rf2 38. Kb5 Rxh2 39. Nc4 h5
40. Kc6 Rc2 41. Kd5 h4 42. Ne5 h3 0-1

[Event "32nd ECC Open 2016"]
[Site "Novi Sad SRB"]
[Date "2016.11.11"]
[Round "6.31"]
[Board "4"]
[White "Van Kemenade, Rudy"]
[Black "Karralliu, Fuat"]
[Result "0-1"]
[WhiteElo "1969"]
[BlackElo "1931"]
[WhiteTeam "Cardigan"]
[BlackTeam "Butrinti"]
[WhiteFideId "410942"]
[BlackFideId "4702166"]
[EventDate "2016.11.06"]

1. f4 Nc6 2. Nf3 Nf6 3. g3 d5 4. Bg2 Bg4 5. h3 Bxf3 6. Bxf3 e6 7. d4 a6 8. e3
Be7 9. O-O O-O 10. Nd2 Nd7 11. c4 Nf6 12. a3 b5 13. cxb5 axb5 14. Qc2 Na5 15. b3
Qd7 16. Bb2 Rfc8 17. Qd3 g6 18. Rfc1 c6 19. Kh2 Nb7 20. e4 Ne8 21. Be2 Bf6 22.
e5 Be7 23. b4 Ng7 24. g4 Bf8 25. Rg1 Kh8 26. Raf1 Be7 27. Qe3 f5 28. g5 Qe8 29.
Rg2 Qf7 30. Rh1 Rg8 31. Kg1 Ra6 32. Kf2 Raa8 33. Nf1 Ra4 34. Ng3 Bxb4 35. axb4
Rxb4 36. Qc3 Rc4 37. Bxc4 dxc4 38. Ra1 Qc7 39. Qb4 Rd8 40. Ba3 Qd7 41. Rd1 c5
42. Qd2 cxd4 43. Bb2 d3 44. Qb4 Qc6 45. Ba3 Qb6+ 46. Kf1 Qe3 47. Qd2 Qxd2 48.
Rgxd2 Na5 49. Be7 Rc8 50. Bb4 Nc6 51. Bc3 b4 52. Ba1 Na5 53. Ra2 Nb3 54. Ke1 Ne8
55. Bb2 Nc7 56. Nf1 Nd5 57. Ra4 Nc5 58. Ra5 Ne4 59. Rda1 c3 60. Bc1 b3 61. Ra8
Rxa8 62. Rxa8+ Kg7 63. Ra7+ Kf8 64. Rb7 b2 65. Bxb2 d2+ 66. Nxd2 cxd2+ 67. Ke2
Nxf4+ 68. Kd1 Nxh3 69. Bd4 Nhxg5 70. Ke2 h5 71. Be3 Nf3 72. Rc7 g5 73. Rc6 Kf7
74. Rc7+ Ke8 75. Bxd2 Nfxd2 76. Rh7 h4 77. Rh5 Nc4 0-1

[Event "32nd ECC Open 2016"]
[Site "Novi Sad SRB"]
[Date "2016.11.11"]
[Round "6.31"]
[Board "5"]
[White "Mihasi, Erald"]
[Black "Haigh, Tony"]
[Result "1/2-1/2"]
[WhiteElo "1845"]
[BlackElo "1810"]
[WhiteTeam "Butrinti"]
[BlackTeam "Cardigan"]
[WhiteFideId "4700902"]
[BlackFideId "1802569"]
[EventDate "2016.11.06"]

1. d4 f5 2. e4 fxe4 3. Nc3 Nf6 4. Bg5 b6 5. Bxf6 exf6 6. Nxe4 Bb7 7. Ng3 Qe7+ 8.
Qe2 Qxe2+ 9. N1xe2 Nc6 10. c3 O-O-O 11. O-O-O g6 12. f3 Bh6+ 13. Kb1 Rde8 14.
Nc1 Ne7 15. Bc4 Nd5 16. Bxd5 Bxd5 17. Rhe1 Re6 18. Rxe6 Bxe6 19. b3 Re8 20. Nd3
Bf7 21. Kc2 d6 22. Re1 Rxe1 23. Nxe1 a5 24. Nd3 a4 25. Ne4 axb3+ 26. axb3 Bg7
27. Ndf2 Bg8 28. Nd3 Bf7 29. Ndf2 Bg8 30. Nd3 Bf7 1/2-1/2

[Event "32nd ECC Open 2016"]
[Site "Novi Sad SRB"]
[Date "2016.11.12"]
[Round "7.1"]
[Board "3"]
[White "Eljanov, Pavel"]
[Black "Malakhov, Vladimir"]
[Result "1/2-1/2"]
[WhiteTitle "GM"]
[BlackTitle "GM"]
[WhiteElo "2757"]
[BlackElo "2698"]
[WhiteTeam "Alkaloid"]
[BlackTeam "SHSM Legacy Square Moscow"]
[WhiteFideId "14102951"]
[BlackFideId "4120787"]
[EventDate "2016.11.06"]

1. Nf3 d5 2. c4 c6 3. g3 Nf6 4. Bg2 Bf5 5. Qb3 Qb6 6. d3 e6 7. O-O Be7 8. Qc2
O-O 9. cxd5 cxd5 10. Be3 Qa6 11. Rc1 Ng4 12. Bf4 Nc6 13. h3 Nf6 14. Ne5 Nxe5 15.
Bxe5 Nd7 16. Qc7 Rfd8 17. Nd2 Nxe5 18. Qxe7 Nc6 19. Qc5 Rac8 20. f4 Bg6 21. g4
f6 22. a3 Qa5 23. Qxa5 Nxa5 24. b4 Nc6 25. Nb3 Bf7 26. Rc2 Ne7 27. Rac1 Rxc2 28.
Rxc2 Rc8 29. Rxc8+ Nxc8 30. Kf2 Nd6 31. a4 Kf8 32. Ke3 e5 33. Nc5 Ke7 34. a5 g5
35. Kd2 Kd8 36. Na4 Nb5 37. e3 Kc7 38. Nc3 Nxc3 39. Kxc3 Kd6 40. Bf3 Be8 41. Bd1
Bb5 42. Bf3 b6 43. axb6 axb6 44. Bg2 Be8 45. Bf1 h5 46. d4 h4 47. b5 e4 1/2-1/2

[Event "32nd ECC Open 2016"]
[Site "Novi Sad SRB"]
[Date "2016.11.12"]
[Round "7.1"]
[Board "4"]
[White "Grachev, Boris"]
[Black "Jakovenko, Dmitry"]
[Result "1/2-1/2"]
[WhiteTitle "GM"]
[BlackTitle "GM"]
[WhiteElo "2632"]
[BlackElo "2709"]
[WhiteTeam "SHSM Legacy Square Moscow"]
[BlackTeam "Alkaloid"]
[WhiteFideId "4129199"]
[BlackFideId "4122356"]
[EventDate "2016.11.06"]

1. c4 Nf6 2. Nf3 e6 3. g3 d5 4. Bg2 Be7 5. d4 O-O 6. Nc3 dxc4 7. Ne5 Nc6 8. Bxc6
bxc6 9. Nxc6 Qe8 10. Nxe7+ Qxe7 11. Qa4 c5 12. dxc5 Qxc5 13. Be3 Qc7 14. Rd1 Bd7
15. Qa3 Nd5 16. Bd4 a5 17. Qc5 Qxc5 18. Bxc5 Bc6 19. Bxf8 Nxc3 20. bxc3 Bxh1 21.
Bc5 Bc6 22. Rd6 Rc8 23. Bb6 a4 24. Bc7 Be8 25. Ba5 e5 26. a3 f6 27. f3 Kf7 28.
Kf2 Ra8 29. Bb4 Ra7 30. Rd8 Bd7 31. h4 h5 32. e4 Bh3 33. g4 hxg4 34. Kg3 Bf1 35.
fxg4 Kg6 36. Kf2 Bd3 37. Ke3 Bc2 38. Kf3 Rb7 39. Ke3 Ra7 40. Kf3 Rb7 41. Rd6 Rf7
42. Ke3 Rb7 43. Rd5 Rf7 44. Rd8 1/2-1/2

[Event "32nd ECC Open 2016"]
[Site "Novi Sad SRB"]
[Date "2016.11.12"]
[Round "7.1"]
[Board "5"]
[White "Yu, Yangyi"]
[Black "Najer, Evgeniy"]
[Result "1/2-1/2"]
[WhiteTitle "GM"]
[BlackTitle "GM"]
[WhiteElo "2721"]
[BlackElo "2683"]
[WhiteTeam "Alkaloid"]
[BlackTeam "SHSM Legacy Square Moscow"]
[WhiteFideId "8603820"]
[BlackFideId "4118987"]
[EventDate "2016.11.06"]

1. d4 d5 2. c4 c6 3. Nf3 Nf6 4. Nc3 dxc4 5. a4 Bf5 6. e3 e6 7. Bxc4 Bb4 8. O-O
O-O 9. Qe2 Ne4 10. Nxe4 Bxe4 11. Nd2 Bg6 12. Nb3 Nd7 13. Bd2 Qe7 14. Na5 Rab8
15. Bxb4 Qxb4 16. Qe1 Qd6 17. b4 e5 18. Nb3 Bc2 19. Qc3 Bxb3 20. dxe5 Qxe5 21.
Qxb3 Nb6 22. Be2 Rfd8 23. Rad1 Qe6 24. Qc2 Qe7 25. Rb1 Nd5 26. Qb3 Rd7 27. Bg4
Rd6 28. Rfc1 Nf6 29. Bf3 Ne4 30. Bxe4 Qxe4 31. b5 1/2-1/2

[Event "32nd ECC Open 2016"]
[Site "Novi Sad SRB"]
[Date "2016.11.12"]
[Round "7.1"]
[Board "6"]
[White "Popov, Ivan RUS"]
[Black "Kryvoruchko, Yuriy"]
[Result "1/2-1/2"]
[WhiteTitle "GM"]
[BlackTitle "GM"]
[WhiteElo "2596"]
[BlackElo "2702"]
[WhiteTeam "SHSM Legacy Square Moscow"]
[BlackTeam "Alkaloid"]
[WhiteFideId "4170350"]
[BlackFideId "14109182"]
[EventDate "2016.11.06"]

1. e4 e5 2. Nf3 Nc6 3. d4 exd4 4. Nxd4 Nf6 5. Nxc6 bxc6 6. e5 Qe7 7. Qe2 Nd5 8.
c4 Ba6 9. b3 g6 10. f4 d6 11. Qf2 Nf6 12. Be2 dxe5 13. O-O Qc5 14. Be3 Ne4 15.
Qf3 Qxe3+ 16. Qxe3 Bc5 17. Qxc5 Nxc5 18. fxe5 O-O 19. Rd1 Rad8 20. Nc3 Bc8 21.
Bf3 Nd3 22. Bxc6 Nxe5 23. Be4 f5 24. Bf3 g5 25. Nb5 c6 26. Nxa7 Bb7 27. Rxd8
Rxd8 28. Re1 Nxf3+ 29. gxf3 Kf7 30. Re5 Rd1+ 31. Kf2 Rd2+ 32. Re2 Rd8 33. Re5
Rd2+ 34. Re2 Rd8 35. Re5 Rd2+ 1/2-1/2

[Event "32nd ECC Open 2016"]
[Site "Novi Sad SRB"]
[Date "2016.11.12"]
[Round "7.2"]
[Board "1"]
[White "Svidler, Peter"]
[Black "Kramnik, Vladimir"]
[Result "1/2-1/2"]
[WhiteTitle "GM"]
[BlackTitle "GM"]
[WhiteElo "2742"]
[BlackElo "2810"]
[WhiteTeam "Mednyi Vsadnik"]
[BlackTeam "Syberia"]
[WhiteFideId "4102142"]
[BlackFideId "4101588"]
[EventDate "2016.11.06"]

1. Nf3 d5 2. g3 g6 3. Bg2 Bg7 4. d4 Nf6 5. O-O O-O 6. c4 c6 7. Qb3 Qb6 8. Nc3
Bf5 9. h3 Na6 10. Qxb6 axb6 11. cxd5 Nxd5 12. Nxd5 cxd5 13. Bd2 Be4 14. e3 Rfc8
15. Rfc1 Nc5 16. Ne1 Bxg2 17. Kxg2 e6 18. Rc2 Ne4 19. Rac1 Rxc2 20. Rxc2 Bf8 21.
a3 Ra4 22. Bc1 b5 23. f3 Nd6 24. b3 Ra8 25. Rc7 b4 26. axb4 Ra1 27. Nd3 Rb1 28.
Kf2 Rxb3 29. Ke2 Rb1 30. Kd1 Ra1 31. Kc2 b5 32. Kb2 Ra8 33. g4 g5 34. Kb3 h6 35.
Nc5 Ra1 36. Kb2 Ra8 37. Kb3 Nc4 38. Rb7 Ra1 39. Nd3 Nd6 40. Rb8 Kg7 41. Kb2 Ra7
42. Nc5 Nc4+ 43. Kb1 Na3+ 44. Bxa3 Rxa3 45. Rxb5 Rxe3 46. Rb7 Kg6 47. Kc2 Bg7
48. Nb3 Rxf3 49. b5 e5 50. Rb6+ Kh7 51. Rd6 Rf2+ 52. Kc1 e4 53. Rxd5 e3 54. Kd1
Rb2 55. Na5 f5 56. Rxf5 e2+ 57. Ke1 Bxd4 58. Rf3 Rc2 59. b6 Bxb6 60. Nb3 Bc7 61.
Rd3 Be5 62. Nd2 Bf4 63. Kxe2 Ra2 64. Ke1 Ra1+ 65. Ke2 Ra2 66. Ke1 Bxd2+ 67. Rxd2
Ra3 68. Rd7+ Kg8 69. Kf2 Rxh3 70. Kg2 Re3 71. Ra7 Kf8 72. Ra6 Kg7 73. Rb6 Re4
74. Kg3 Rf4 75. Ra6 Rf6 76. Ra5 Kg6 77. Rb5 Ra6 78. Rc5 Kf6 79. Rb5 Ke6 80. Rc5
Ra3+ 81. Kg2 Rd3 82. Ra5 Rd5 83. Ra6+ Ke5 84. Rxh6 Kf4 85. Rh3 Rd2+ 86. Kg1 Kxg4
87. Ra3 Rc2 1/2-1/2

[Event "32nd ECC Open 2016"]
[Site "Novi Sad SRB"]
[Date "2016.11.12"]
[Round "7.2"]
[Board "2"]
[White "Giri, Anish"]
[Black "Dominguez Perez, Leinier"]
[Result "1-0"]
[WhiteTitle "GM"]
[BlackTitle "GM"]
[WhiteElo "2767"]
[BlackElo "2752"]
[WhiteTeam "Syberia"]
[BlackTeam "Mednyi Vsadnik"]
[WhiteFideId "24116068"]
[BlackFideId "3503240"]
[EventDate "2016.11.06"]

1. c4 c5 2. Nf3 Nf6 3. Nc3 Nc6 4. e3 e6 5. b3 d5 6. cxd5 exd5 7. Bb2 Bd6 8. d4
cxd4 9. Nxd4 O-O 10. Be2 Re8 11. O-O Nxd4 12. Qxd4 Be5 13. Qd3 Ne4 14. Nxe4 Bxb2
15. Rad1 Bf5 16. Qd2 Bxe4 17. Qxb2 Rc8 18. Rc1 Qb6 19. Rfd1 h6 20. Qd2 Red8 21.
Bd3 Qg6 22. Bxe4 Qxe4 23. g3 Rxc1 24. Qxc1 Qf5 25. Qc5 b6 26. Qc7 Qd7 27. Qe5
Qe6 28. Qd4 f5 29. h4 Rd7 30. Qc3 Kf7 31. h5 Qf6 32. Rd4 Ke7 33. a4 Qe5 34. a5
bxa5 35. Qxa5 Qe6 36. Rf4 Qe5 37. Qc5+ Ke6 38. Qc8 Ke7 39. Qc5+ Ke6 40. Qc6+ Ke7
41. Qg6 Qf6 42. Rxf5 Qxg6 43. hxg6 Ke6 44. Rf8 h5 45. Kg2 d4 46. exd4 Rxd4 47.
f4 Rd5 48. Rf7 Rb5 49. Rxg7 Kf6 50. Rxa7 Kxg6 51. Ra6+ Kg7 52. Kh3 Rxb3 53. Ra5 1-0

[Event "32nd ECC Open 2016"]
[Site "Novi Sad SRB"]
[Date "2016.11.12"]
[Round "7.2"]
[Board "3"]
[White "Vitiugov, Nikita"]
[Black "Grischuk, Alexander"]
[Result "1/2-1/2"]
[WhiteTitle "GM"]
[BlackTitle "GM"]
[WhiteElo "2718"]
[BlackElo "2751"]
[WhiteTeam "Mednyi Vsadnik"]
[BlackTeam "Syberia"]
[WhiteFideId "4152956"]
[BlackFideId "4126025"]
[EventDate "2016.11.06"]

1. d4 Nf6 2. c4 e6 3. Nf3 d5 4. Nc3 Bb4 5. Qa4+ Nc6 6. e3 O-O 7. Qc2 b6 8. Bd2
a5 9. Bd3 Ba6 10. cxd5 Bxd3 11. Qxd3 exd5 12. Rc1 Ne7 13. O-O Rc8 14. Rc2 c6 15.
Rfc1 Bd6 16. Be1 Re8 17. Na4 Ne4 18. Nd2 Nf6 19. Nf1 h6 20. f3 Bc7 21. Bh4 Qd6
22. Bg3 Qd8 23. Bh4 Qd6 24. Qb3 Qe6 25. Bxf6 gxf6 26. Qd3 Kh8 27. a3 Qd7 28. Nc3
Bd6 29. Ne2 c5 30. dxc5 bxc5 31. Qc3 Qe6 32. Qxa5 Nf5 33. Qd2 Nxe3 34. Nxe3
Qxe3+ 35. Qxe3 Rxe3 36. Rd1 Rd8 37. Ng3 Bf8 38. Ne4 d4 39. Kf1 Rb8 40. Nd2 h5
41. Nc4 Reb3 42. f4 Kh7 43. Rcd2 Kg6 44. Rd3 Rxb2 45. Nxb2 Rxb2 46. R3d2 Rb5 47.
Ke2 Kf5 48. Kd3 Rb3+ 49. Kc4 Rxa3 50. g3 Ke6 51. Re2+ Kd6 52. Re8 Rc3+ 53. Kb5
Be7 54. Re1 Rb3+ 55. Kc4 Rc3+ 56. Kb5 Rb3+ 57. Kc4 Rc3+ 1/2-1/2

[Event "32nd ECC Open 2016"]
[Site "Novi Sad SRB"]
[Date "2016.11.12"]
[Round "7.2"]
[Board "4"]
[White "Tomashevsky, Evgeny"]
[Black "Bu, Xiangzhi"]
[Result "1/2-1/2"]
[WhiteTitle "GM"]
[BlackTitle "GM"]
[WhiteElo "2722"]
[BlackElo "2698"]
[WhiteTeam "Syberia"]
[BlackTeam "Mednyi Vsadnik"]
[WhiteFideId "4147235"]
[BlackFideId "8601445"]
[EventDate "2016.11.06"]

1. d4 Nf6 2. c4 e6 3. Nf3 d5 4. g3 dxc4 5. Bg2 Bd7 6. Ne5 Bc6 7. Nxc6 Nxc6 8.
O-O Qd7 9. e3 Rd8 10. Qe2 e5 11. Qxc4 exd4 12. Qb5 Rb8 13. Rd1 a6 14. Qf1 Bd6
15. exd4 O-O 16. Bh3 Qd8 17. Nc3 h6 18. Qc4 Re8 19. Be3 Ne7 20. Re1 c6 21. Bd2
Qb6 22. Na4 Qb5 23. Qxb5 axb5 24. Nc5 b6 25. Nd3 c5 26. Ne5 Red8 27. Rad1 cxd4
28. Bf1 Rbc8 29. Nf3 d3 30. Re3 Bc5 31. Rxd3 Rxd3 32. Bxd3 b4 33. Kg2 Nc6 34.
Bb5 Ne4 35. Be1 Nd6 36. Bxc6 Rxc6 37. Ne5 Rc7 38. Nd3 Ne4 39. f3 Nf6 40. Bxb4
Nd5 41. Bxc5 bxc5 42. Kf2 f6 43. Nc1 Nb4 44. Rd2 Rb7 45. f4 Kf7 46. a3 Nc6 47.
Ne2 Ke6 48. Nc3 Nd4 49. Ke3 Nb3 50. Re2 Kf5 51. h3 Re7+ 52. Kf2 Rd7 53. Rc2 h5
54. Na4 h4 55. Rc3 c4 56. g4+ Kxf4 57. Rxc4+ Ke5 58. Rc3 Nd2 59. Nc5 Rd4 60. b4
Nc4 61. a4 Nb6 62. a5 Nd5 63. Rb3 Rd2+ 64. Kf3 Ra2 65. a6 Kd4 66. Ne6+ Kc4 67.
Rb1 Rxa6 68. Rc1+ Kxb4 69. Nxg7 Ra2 70. Nh5 Rh2 71. Nf4 Nxf4 72. Kxf4 Rxh3 73.
g5 fxg5+ 74. Kxg5 Rc3 75. Rxc3 Kxc3 76. Kxh4 1/2-1/2

[Event "32nd ECC Open 2016"]
[Site "Novi Sad SRB"]
[Date "2016.11.12"]
[Round "7.2"]
[Board "5"]
[White "Matlakov, Maxim"]
[Black "Li, Chao b"]
[Result "1/2-1/2"]
[WhiteTitle "GM"]
[BlackTitle "GM"]
[WhiteElo "2691"]
[BlackElo "2730"]
[WhiteTeam "Mednyi Vsadnik"]
[BlackTeam "Syberia"]
[WhiteFideId "4168003"]
[BlackFideId "8604436"]
[EventDate "2016.11.06"]

1. d4 Nf6 2. c4 g6 3. Nc3 d5 4. Bf4 Bg7 5. e3 c5 6. dxc5 Qa5 7. Rc1 dxc4 8. Bxc4
O-O 9. Ne2 Qxc5 10. Qb3 Qa5 11. O-O Nbd7 12. Rfd1 Nc5 13. Qb5 Qxb5 14. Nxb5 Be6
15. Bxe6 Nxe6 16. Be5 Rfc8 17. Ned4 Nxd4 18. Nxd4 Ne4 19. Bxg7 Kxg7 20. f3 Nd6
21. Kf2 Nc4 22. Rc2 e5 23. Rdc1 exd4 24. Rxc4 dxe3+ 25. Kxe3 Re8+ 26. Re4 Rac8
27. Rxc8 Rxc8 28. Kd3 Rc7 29. Ra4 Rd7+ 30. Ke3 Re7+ 1/2-1/2

[Event "32nd ECC Open 2016"]
[Site "Novi Sad SRB"]
[Date "2016.11.12"]
[Round "7.2"]
[Board "6"]
[White "Rublevsky, Sergei"]
[Black "Fedoseev, Vladimir3"]
[Result "0-1"]
[WhiteTitle "GM"]
[BlackTitle "GM"]
[WhiteElo "2689"]
[BlackElo "2673"]
[WhiteTeam "Syberia"]
[BlackTeam "Mednyi Vsadnik"]
[WhiteFideId "4115309"]
[BlackFideId "24130737"]
[EventDate "2016.11.06"]

1. e4 c6 2. d4 d5 3. e5 Bf5 4. Nd2 e6 5. Nb3 Nd7 6. Nf3 Qc7 7. Be2 c5 8. O-O c4
9. Nbd2 h6 10. c3 Ne7 11. b3 cxb3 12. Qxb3 Nc6 13. c4 Na5 14. Qa4 dxc4 15. Nxc4
Nxc4 16. Bxc4 Rc8 17. Be2 a6 18. d5 Bc5 19. d6 Qb6 20. Bd2 Rc6 21. Rac1 O-O 22.
Bc3 Bxf2+ 23. Rxf2 Qe3 24. Rd1 b5 25. Qd4 Rxc3 26. Re1 Bg6 27. Bf1 Qxd4 28. Nxd4
Rc5 29. Nb3 Rxe5 30. Rxe5 Nxe5 31. Nc5 Rd8 32. d7 Bf5 33. Rd2 Kf8 34. Rd6 b4 35.
Be2 Bb1 36. Nxa6 Bxa2 37. Nxb4 Bc4 38. Bxc4 Nxc4 39. Rc6 Ne5 40. Rc8 Ke7 41. Rc5
f6 42. Rxe5 fxe5 43. Nc6+ Kxd7 44. Nxd8 Kxd8 45. Kf2 Ke7 46. Ke3 e4 47. Kxe4 Kd6
48. h4 h5 49. g4 hxg4 50. Kf4 e5+ 51. Kxg4 Kd5 0-1

[Event "32nd ECC Open 2016"]
[Site "Novi Sad SRB"]
[Date "2016.11.12"]
[Round "7.3"]
[Board "2"]
[White "Rapport, Richard"]
[Black "Radjabov, Teimour"]
[Result "0-1"]
[WhiteTitle "GM"]
[BlackTitle "GM"]
[WhiteElo "2730"]
[BlackElo "2696"]
[WhiteTeam "VSK Sveti Nikolaj Srpski"]
[BlackTeam "Odlar Yurdu"]
[WhiteFideId "738590"]
[BlackFideId "13400924"]
[EventDate "2016.11.06"]

1. b3 b6 2. Bb2 Bb7 3. Nc3 Nf6 4. d4 e6 5. f3 d5 6. Qd2 Be7 7. O-O-O O-O 8. e3
c5 9. Kb1 Nc6 10. Nge2 Rc8 11. g4 c4 12. g5 Ne8 13. h4 Ba6 14. Nf4 b5 15. Qg2
Qa5 16. h5 Bb4 17. Ncxd5 exd5 18. Nxd5 Rd8 19. f4 Ba3 20. Ba1 Bb7 21. Be2 Rxd5
22. Qxd5 Nd8 23. Qd7 Be4 24. Rhf1 Nd6 25. f5 Nc6 26. g6 Nb4 27. Bc3 cxb3 28.
gxf7+ Rxf7 0-1

[Event "32nd ECC Open 2016"]
[Site "Novi Sad SRB"]
[Date "2016.11.12"]
[Round "7.3"]
[Board "3"]
[White "Naiditsch, Arkadij"]
[Black "Morozevich, Alexander"]
[Result "1-0"]
[WhiteTitle "GM"]
[BlackTitle "GM"]
[WhiteElo "2686"]
[BlackElo "2683"]
[WhiteTeam "Odlar Yurdu"]
[BlackTeam "VSK Sveti Nikolaj Srpski"]
[WhiteFideId "4650891"]
[BlackFideId "4116992"]
[EventDate "2016.11.06"]

1. e4 e5 2. Nf3 Nc6 3. Nc3 Nf6 4. Bb5 Bb4 5. O-O O-O 6. d3 d6 7. Ne2 Ne7 8. c3
Ba5 9. Ng3 c6 10. Ba4 Ng6 11. d4 Re8 12. Bc2 h6 13. h3 Be6 14. Be3 Qc7 15. a4
Bb6 16. Qc1 a5 17. Re1 Rad8 18. b3 Bc8 19. c4 exd4 20. Nxd4 Bc5 21. Ndf5 Bxe3
22. Rxe3 Bxf5 23. Nxf5 d5 24. exd5 cxd5 25. cxd5 Nxd5 26. Qb2 Re5 27. Rxe5 Qxe5
28. Qxe5 Nxe5 29. Be4 Nc6 30. Rc1 Ndb4 31. Rc5 g6 32. Nxh6+ Kg7 33. Ng4 Nd4 34.
Bxb7 Rb8 35. Bf3 Nxb3 36. Rc7 Re8 37. Ne3 Re5 38. Kh2 Rc5 39. Rd7 Kf8 40. Be2
Ke8 41. Rb7 f5 42. Bb5+ Kf8 43. Nc4 f4 44. Nb6 Rc3 45. Nd7+ Kg7 46. Ra7 Nd4 47.
Nc5+ Kh6 48. Ne4 Nbc6 49. Bxc6 Nxc6 50. Rc7 Rc2 51. Nd6 f3 52. Nf7+ Kh5 53. Rc8 1-0

[Event "32nd ECC Open 2016"]
[Site "Novi Sad SRB"]
[Date "2016.11.12"]
[Round "7.3"]
[Board "4"]
[White "Ivanisevic, Ivan"]
[Black "Safarli, Eltaj"]
[Result "1/2-1/2"]
[WhiteTitle "GM"]
[BlackTitle "GM"]
[WhiteElo "2645"]
[BlackElo "2694"]
[WhiteTeam "VSK Sveti Nikolaj Srpski"]
[BlackTeam "Odlar Yurdu"]
[WhiteFideId "912417"]
[BlackFideId "13402129"]
[EventDate "2016.11.06"]

1. d4 Nf6 2. Nf3 d5 3. Bf4 g6 4. e3 Bg7 5. c3 O-O 6. Nbd2 c6 7. Be2 Bf5 8. O-O
Nbd7 9. h3 h6 10. Qb3 Qb6 11. Qa3 Rfe8 12. c4 Ne4 13. cxd5 Nxd2 14. Nxd2 cxd5
15. Nf3 e5 16. dxe5 Nxe5 17. Nxe5 Bxe5 18. Bxe5 Rxe5 19. Rfd1 Rae8 20. Rd4 Be4
21. Qc3 R5e6 22. Rad1 Rc6 23. Qb4 Qxb4 24. Rxb4 Re7 25. Rd2 Rc1+ 26. Kh2 b6 27.
Bd1 Rc4 28. Rb5 Rc5 29. Rb4 Rc4 30. Ra4 Rec7 31. Bb3 Rxa4 32. Bxa4 Kf8 33. Bb3
Ke7 34. Kg3 Rc1 35. f3 Bf5 36. Bxd5 Be6 37. Bxe6 Kxe6 38. e4 h5 39. Kf4 Ra1 40.
b3 Rc1 41. h4 Rc5 42. g4 hxg4 43. fxg4 f6 44. g5 fxg5+ 45. hxg5 Rc1 46. Rf2 Rg1
47. a4 Kd6 48. Rf3 Ke6 49. Rf2 Kd6 50. Rd2+ Ke6 51. Rc2 Rf1+ 52. Ke3 Ke5 53. Rc7
Rg1 54. Re7+ Kd6 55. Rxa7 Rxg5 56. Kd4 Rg1 57. Rb7 Rd1+ 58. Kc4 Kc6 59. Rf7 Rc1+
60. Kb4 g5 61. Rf6+ Kb7 62. Rf5 Re1 63. e5 g4 64. Kb5 g3 65. Rg5 Re3 66. b4 Rb3
67. Rg6 Ka7 68. e6 Re3 69. Kc6 g2 70. Kd7 Rd3+ 71. Ke8 Rd2 72. Rg7+ Ka6 73. e7
Re2 74. Rg6 Kb7 75. b5 Rf2 76. Kd7 Rd2+ 77. Ke6 Re2+ 78. Kf7 Rf2+ 79. Kg8 Re2
80. Kf7 Rf2+ 81. Ke8 Kc7 82. Rg7 Re2 83. Rg4 Rf2 84. Rg6 Kb7 85. Kd7 Rd2+ 86.
Ke6 Re2+ 87. Kf7 Rf2+ 88. Kg8 Re2 89. Rg7 g1=Q 90. Rxg1 Rxe7 91. Rg4 Kc7 92. Kf8
Re1 93. Rc4+ Kb7 94. Kf7 Rf1+ 95. Ke6 Re1+ 96. Kf5 Rf1+ 97. Ke5 Re1+ 98. Re4 Rh1
99. Kd5 1/2-1/2

[Event "32nd ECC Open 2016"]
[Site "Novi Sad SRB"]
[Date "2016.11.12"]
[Round "7.3"]
[Board "5"]
[White "Sutovsky, Emil"]
[Black "Markus, Robert"]
[Result "0-1"]
[WhiteTitle "GM"]
[BlackTitle "GM"]
[WhiteElo "2625"]
[BlackElo "2652"]
[WhiteTeam "Odlar Yurdu"]
[BlackTeam "VSK Sveti Nikolaj Srpski"]
[WhiteFideId "2802007"]
[BlackFideId "921637"]
[EventDate "2016.11.06"]

1. e4 d6 2. d4 Nf6 3. Nc3 e5 4. Nf3 Nbd7 5. Bc4 Be7 6. a4 O-O 7. O-O a5 8. h3 b6
9. Qe2 Bb7 10. Rd1 Qc8 11. dxe5 Nxe5 12. Nxe5 dxe5 13. Bg5 h6 14. Bxf6 Bxf6 15.
Nb5 Ba6 16. Rd3 Bxb5 17. axb5 Qe8 18. Rad1 Rd8 19. Rxd8 Bxd8 20. Qg4 c6 21. Rd7
cxb5 22. Bxb5 Bf6 23. b3 Qc8 24. Bc4 b5 25. Bxb5 Qxc2 26. Bc4 a4 27. Rc7 axb3
28. Kh2 Qxf2 29. Rxf7 Rxf7 30. Qc8+ Bd8 31. Qxd8+ Kh7 32. Bxf7 Qxf7 33. Qc8 Qf4+ 0-1

[Event "32nd ECC Open 2016"]
[Site "Novi Sad SRB"]
[Date "2016.11.12"]
[Round "7.3"]
[Board "6"]
[White "Perunovic, Milos"]
[Black "Durarbayli, Vasif"]
[Result "1/2-1/2"]
[WhiteTitle "GM"]
[BlackTitle "GM"]
[WhiteElo "2616"]
[BlackElo "2606"]
[WhiteTeam "VSK Sveti Nikolaj Srpski"]
[BlackTeam "Odlar Yurdu"]
[WhiteFideId "921629"]
[BlackFideId "13402935"]
[EventDate "2016.11.06"]

1. e4 e5 2. Nf3 Nc6 3. Bb5 a6 4. Ba4 Nf6 5. O-O b5 6. Bb3 Bc5 7. a4 Rb8 8. axb5
axb5 9. Nxe5 Nxe5 10. d4 Bxd4 11. Qxd4 d6 12. f4 Nc6 13. Qc3 Ne7 14. e5 Ne4 15.
Qe1 Nc5 16. Ba2 Bf5 17. b4 Ne6 18. exd6 Qxd6 19. Bxe6 Qxe6 20. Be3 O-O 21. Bc5
Rfe8 22. Qxe6 Bxe6 23. Nc3 Nd5 24. Nxd5 Bxd5 25. Rfe1 Rxe1+ 26. Rxe1 Ra8 27. Re7
c6 28. Ra7 Rxa7 29. Bxa7 f6 30. c3 Kf7 1/2-1/2

[Event "32nd ECC Open 2016"]
[Site "Novi Sad SRB"]
[Date "2016.11.12"]
[Round "7.4"]
[Board "2"]
[White "Vallejo Pons, Francisco"]
[Black "Aronian, Levon"]
[Result "1/2-1/2"]
[WhiteTitle "GM"]
[BlackTitle "GM"]
[WhiteElo "2716"]
[BlackElo "2795"]
[WhiteTeam "Ashdod"]
[BlackTeam "OR Padova"]
[WhiteFideId "2205530"]
[BlackFideId "13300474"]
[EventDate "2016.11.06"]

1. d4 Nf6 2. c4 g6 3. Nc3 d5 4. cxd5 Nxd5 5. Bd2 Bg7 6. e4 Nxc3 7. Bxc3 O-O 8.
Qd2 Nc6 9. Ne2 e5 10. d5 Nd4 11. Nxd4 exd4 12. Bxd4 Re8 13. f3 Qxd5 14. Bxg7
Qxd2+ 15. Kxd2 Kxg7 16. Bd3 c5 17. Kc3 Bd7 18. a4 Red8 19. Rhd1 Kf6 20. Bc4 Ke7
21. b3 b6 22. Rd2 Be8 23. Rad1 Rxd2 24. Rxd2 Rd8 25. Rxd8 Kxd8 26. f4 f6 27. Kd3
Ke7 28. h4 Bd7 29. g3 Bc8 30. Kc3 Bb7 31. Kd3 1/2-1/2